[Event "Ceske Budejovice op-B"]
[Site "Ceske Budejovice"]
[Date "2022.07.02"]
[Round "2"]
[White "Bittner, Rudolf Jr"]
[Black "Weiss, Petr"]
[Result "1-0"]
[WhiteElo "1967"]
[BlackElo "1492"]
[PlyCount "117"]
[EventDate "2022.07.01"]
[EventType "swiss"]
[EventRounds "9"]
[EventCountry "CZE"]
[SourceTitle "EXT 2023"]
[Source "ChessBase"]
[SourceDate "2022.10.05"]
[SourceVersion "1"]
[SourceVersionDate "2022.10.05"]
[SourceQuality "1"]

1. e4 e5 2. Nf3 d6 3. Nc3 Be6 4. d4 f6 5. dxe5 dxe5 6. Qxd8+ Kxd8 7. Be3 c6 8. a3 Kc7 9. Bd3 Bd6 10. Rd1 Nd7 11. Nd2 Ne7 12. Bc4 Bxc4 13. Nxc4 Nc8 14. Ke2 Rd8 15. Rd3 b5 16. Nxd6 Nxd6 17. b3 f5 18. exf5 Nxf5 19. Rhd1 Nxe3 20. Kxe3 Nf6 21. h3 Rxd3+ 22. Rxd3 a5 23. g3 g5 24. Ne4 Nd5+ 25. Ke2 b4 26. a4 h6 27. Rf3 Re8 28. Rf7+ Re7 29. Rf8 Kb6 30. Rb8+ Ka7 31. Rh8 Re6 32. Kd3 Nb6 33. Rh7+ Kb8 34. Ke2 Nd5 35. Nc5 Nc3+ 36. Ke1 Rd6 37. Rd7 Rd5 38. Rxd5 cxd5 39. Nd7+ Kc7 40. Nxe5 Ne4 41. Ke2 Nd6 42. Ng4 Nf7 43. Kd3 Kd6 44. Kd4 h5 45. Nf6 h4 46. gxh4 gxh4 47. Nxd5 Ng5 48. Nf4 Nf3+ 49. Kc4 Kc6 50. Ng2 Ng5 51. f4 Nxh3 52. f5 Ng5 53. Nxh4 Nf7 54. Kd4 Kd6 55. Ng2 Nd8 56. Ne3 Nc6+ 57. Kc4 Na7 58. f6 Ke6 59. Kc5 1-0

[Event "Landesliga Sued 1920"]
[Site "Bayern"]
[Date "2019.12.08"]
[Round "4.7"]
[White "Bittner, Rudolf Jr"]
[Black "Weichlein, Paul"]
[Result "0-1"]
[WhiteElo "1910"]
[BlackElo "2047"]
[PlyCount "62"]
[EventDate "2019.09.29"]
[EventType "team-tourn"]
[EventRounds "9"]
[EventCountry "GER"]
[SourceTitle "EXT 2021"]
[Source "ChessBase"]
[SourceDate "2020.10.23"]
[SourceVersion "1"]
[SourceVersionDate "2020.10.23"]
[SourceQuality "1"]
[WhiteTeam "Passau II"]
[BlackTeam "Haunstetten"]
[WhiteTeamCountry "GER"]
[BlackTeamCountry "GER"]

1. e4 c5 2. Nf3 d6 3. d4 cxd4 4. c3 d3 5. Bxd3 Nf6 6. 0-0 g6 7. h3 Bg7 8. Bg5 h6 9. Be3 0-0 10. Qd2 Kh7 11. Na3 Nbd7 12. Rad1 Qa5 13. Nc4 Qc7 14. Na3 a6 15. Rfe1 Nc5 16. Bxc5 Qxc5 17. e5 dxe5 18. Rxe5 Qc7 19. Ree1 b5 20. Qe2 e6 21. Nc2 Nd5 22. Be4 Bb7 23. Ncd4 Rad8 24. Qc2 e5 25. Ne2 f5 26. Bxd5 Bxd5 27. a3 Qc6 28. Nh2 Bxg2 29. Rxd8 Rxd8 30. h4 Bh3 31. f3 Qc5+ 0-1

[Event "AUT-chT2M 1516"]
[Site "Austria"]
[Date "2016.04.16"]
[Round "10.1"]
[White "Kravanja, Georg"]
[Black "Bittner, Rudolf Jr"]
[Result "1-0"]
[WhiteElo "2201"]
[BlackElo "2014"]
[PlyCount "93"]
[EventDate "2015.10.02"]
[EventType "team-tourn"]
[EventRounds "11"]
[EventCountry "AUT"]
[SourceTitle "EXT 2017"]
[Source "ChessBase"]
[SourceDate "2016.10.25"]
[SourceVersion "1"]
[SourceVersionDate "2016.10.25"]
[SourceQuality "1"]
[WhiteTeam "Graz Schachfreunde"]
[BlackTeam "Sauwald II"]
[WhiteTeamCountry "AUT"]
[BlackTeamCountry "AUT"]

1. d4 Nc6 2. Nf3 d5 3. c4 Nf6 4. Nc3 Bg4 5. Bg5 dxc4 6. d5 Bxf3 7. gxf3 Ne5 8. Qd4 Ned7 9. e4 Nb6 10. Bxc4 Nxc4 11. Qxc4 a6 12. e5 Nd7 13. e6 Ne5 14. Qe4 Qd6 15. f4 Ng4 16. f5 Qe5 17. Bf4 Qxe4+ 18. Nxe4 Rd8 19. Rd1 Rc8 20. Rg1 Nf6 21. Ng5 fxe6 22. dxe6 c6 23. Nf7 Rg8 24. Be5 g6 25. Bxf6 exf6 26. Rd7 b6 27. Ke2 Be7 28. Rgd1 gxf5 29. Ra7 Rg4 30. f3 Rg2+ 31. Kf1 Rxh2 32. Rdd7 Bc5 33. Nh8 Rd8 34. Nf7 Rc8 35. e7 Kxf7 36. Rd8 Bxe7 37. Rxc8 Ke6 38. Re8 Rxb2 39. Rexe7+ Kd6 40. Re2 Rxe2 41. Kxe2 a5 42. Rxh7 b5 43. Kd3 c5 44. f4 a4 45. Rh8 Kd5 46. Rd8+ Ke6 47. Kc3 1-0

[Event "Niederbayernliga 1516"]
[Site "Bayern"]
[Date "2016.04.10"]
[Round "9.8"]
[White "Latzel, Wolfgang"]
[Black "Bittner, Rudolf Jr"]
[Result "1/2-1/2"]
[WhiteElo "1799"]
[BlackElo "1981"]
[PlyCount "53"]
[EventDate "2015.10.11"]
[EventType "team-tourn"]
[EventRounds "9"]
[EventCountry "GER"]
[SourceTitle "EXT 2023"]
[Source "ChessBase"]
[SourceDate "2022.10.05"]
[SourceVersion "1"]
[SourceVersionDate "2022.10.05"]
[SourceQuality "1"]
[WhiteTeam "Landshut"]
[BlackTeam "Passau II"]
[WhiteTeamCountry "GER"]
[BlackTeamCountry "GER"]

1. e4 c5 2. Nf3 a6 3. c4 Nc6 4. d4 cxd4 5. Nxd4 Nf6 6. Nc3 e5 7. Nf5 g6 8. Nd6+ Bxd6 9. Qxd6 Qe7 10. Qxe7+ Nxe7 11. Bg5 Nfg8 12. 0-0-0 f6 13. Be3 Kf7 14. c5 Kg7 15. Kb1 Nh6 16. f3 Nf7 17. Bc4 Rd8 18. Bxf7 Kxf7 19. Rd6 Rb8 20. Rhd1 g5 21. Na4 Ng8 22. Nb6 Ke7 23. Bd2 Kf7 24. Ba5 Re8 25. Nxc8 Rbxc8 26. Rxd7+ Re7 27. Bb6 1/2-1/2

[Event "Niederbayernliga 1314"]
[Site "Bayern"]
[Date "2014.??.??"]
[Round "9"]
[White "Miesbauer, Jan"]
[Black "Bittner, Rudolf Jr"]
[Result "1-0"]
[WhiteElo "1999"]
[BlackElo "1938"]
[PlyCount "53"]
[EventDate "2013.10.13"]
[EventType "team-tourn"]
[EventRounds "9"]
[EventCountry "GER"]
[SourceTitle "EXT 2023"]
[Source "ChessBase"]
[SourceDate "2022.10.05"]
[SourceVersion "1"]
[SourceVersionDate "2022.10.05"]
[SourceQuality "1"]
[WhiteTeam "Bayerwald Regen/Zwiesel"]
[BlackTeam "Passau II"]
[WhiteTeamCountry "GER"]
[BlackTeamCountry "GER"]

1. e4 c5 2. Nf3 a6 3. Nc3 Nc6 4. d4 cxd4 5. Nxd4 e5 6. Nf5 d6 7. Ne3 Nf6 8. g3 Be6 9. Bg2 Be7 10. a4 0-0 11. 0-0 Rb8 12. f4 exf4 13. gxf4 b5 14. axb5 axb5 15. f5 Bd7 16. Ncd5 Nxd5 17. Nxd5 Bf6 18. Ra3 Bd4+ 19. Kh1 f6 20. Rh3 Rf7 21. Qh5 h6 22. c3 Be5 23. Bf3 Qf8 24. Rg1 Kh8 25. Rg6 Qg8 26. Bxh6 Qh7 27. Rxg7 1-0

[Event "Niederbayernliga 1112"]
[Site "Bayern"]
[Date "2012.??.??"]
[Round "5"]
[White "Bittner, Rudolf Jr"]
[Black "Knechtel, Roland"]
[Result "0-1"]
[WhiteElo "2020"]
[BlackElo "2175"]
[PlyCount "70"]
[EventDate "2011.10.??"]
[EventType "team-tourn"]
[EventRounds "9"]
[EventCountry "GER"]
[SourceTitle "EXT 2023"]
[Source "ChessBase"]
[SourceDate "2022.10.05"]
[SourceVersion "1"]
[SourceVersionDate "2022.10.05"]
[SourceQuality "1"]
[WhiteTeam "Passau II"]
[BlackTeam "Roehrnbach"]
[WhiteTeamCountry "GER"]
[BlackTeamCountry "GER"]

1. e4 c5 2. Nf3 d6 3. d4 cxd4 4. c3 Nf6 5. Qxd4 e5 6. Qd1 Qc7 7. Bd3 Nbd7 8. Bg5 Be7 9. 0-0 0-0 10. Nbd2 h6 11. Bh4 Nc5 12. Bb1 g5 13. Bg3 Nh5 14. Nb3 Nf4 15. Bxf4 gxf4 16. Nfd2 Be6 17. g3 Bh3 18. Re1 Kh7 19. Qh5 Qc8 20. f3 fxg3 21. hxg3 Be6 22. Kg2 Rg8 23. Rh1 Rg6 24. Bc2 Nxb3 25. axb3 Qc5 26. Nf1 Rag8 27. Qh2 Qb5 28. c4 Bxc4 29. bxc4 Qxb2 30. Ne3 Bg5 31. Kf2 Qc3 32. f4 Bxf4 33. gxf4 Qd2+ 34. Kf1 Qxe3 35. f5 Rg4 0-1

[Event "Regionalliga SO 0809"]
[Site "Bayern"]
[Date "2008.12.14"]
[Round "4.8"]
[White "Bittner, Rudolf Jr"]
[Black "Zwanowetz, Thomas"]
[Result "1-0"]
[WhiteElo "1976"]
[BlackElo "1707"]
[PlyCount "93"]
[EventDate "2008.10.05"]
[EventType "team-tourn"]
[EventRounds "9"]
[EventCountry "GER"]
[SourceTitle "EXT 2020"]
[Source "ChessBase"]
[SourceDate "2019.10.17"]
[SourceVersion "1"]
[SourceVersionDate "2019.10.17"]
[SourceQuality "1"]
[WhiteTeam "Passau II"]
[BlackTeam "Pang/Rosenheim II"]
[WhiteTeamCountry "GER"]
[BlackTeamCountry "GER"]

1. e4 e6 2. d4 d5 3. exd5 exd5 4. Bd3 Nf6 5. Bg5 Be7 6. Nf3 0-0 7. 0-0 Bg4 8. Nbd2 Nbd7 9. c3 c6 10. Qc2 Kh8 11. Rfe1 Re8 12. Re3 h6 13. Bh4 Bd6 14. Rxe8+ Qxe8 15. Re1 Qf8 16. h3 Be6 17. Nf1 Re8 18. Bg3 Nb6 19. Be5 Nfd7 20. Bxd6 Qxd6 21. Ng3 Nf6 22. Qd2 a5 23. Ne5 Qc7 24. Qf4 Qc8 25. Nf5 Bxf5 26. Bxf5 Qb8 27. Nxf7+ Kg8 28. Qxb8 Rxb8 29. Ne5 Re8 30. Kf1 Nc8 31. f3 Nd6 32. Bg6 Re7 33. Kf2 Nh7 34. Bd3 Ng5 35. h4 Ne6 36. g4 Re8 37. Bg6 Re7 38. Bc2 Re8 39. Nd3 Kf7 40. a3 Nc4 41. Bb3 Nd2 42. Ba2 a4 43. Re2 Nb3 44. Bxb3 axb3 45. Nc1 c5 46. Nxb3 cxd4 47. Nxd4 1-0

[Event "Donau op 04th"]
[Site "Aschach"]
[Date "1995.??.??"]
[Round "4"]
[White "Bittner, Rudolf Jr"]
[Black "Knoll, Hermann"]
[Result "0-1"]
[WhiteElo "1910"]
[BlackElo "2240"]
[PlyCount "56"]
[EventDate "1995.12.??"]
[EventType "swiss"]
[EventRounds "7"]
[EventCountry "AUT"]
[SourceTitle "EXT 1997"]
[Source "ChessBase"]
[SourceDate "1996.11.15"]
[SourceVersion "1"]
[SourceVersionDate "1996.11.15"]
[SourceQuality "1"]

1. e4 d6 2. d4 g6 3. Nc3 Bg7 4. Be3 Nf6 5. f3 c6 6. Qd2 b5 7. Bd3 Nbd7 8. d5 cxd5 9. Bxb5 dxe4 10. Bc6 Rb8 11. Bxa7 Rxb2 12. Na4 Qc7 13. Nxb2 Qxa7 14. c4 e3 15. Qb4 0-0 16. Ne2 Ne5 17. Bb5 h5 18. 0-0 h4 19. h3 Qb7 20. Qb3 Bxh3 21. Qxe3 Nfg4 22. Qb3 Qa7+ 23. Kh1 Nf2+ 24. Kh2 Bf5 25. Rac1 Bh6 26. Rc3 h3 27. gxh3 Bxh3 28. Qa3 Qxa3 0-1